000 00625nam a2200193Ia 4500
005 20250508153934.0
008 008 250505s9999 xx 000 0 eng d
037 _aBooks to be hide in OPAC
040 _aFEDL
_beng
_cFEDL
041 _aeng
_2eng
084 _a371.61, UNI/O
_qFEDL
100 _aTaylor James L
_9473454
245 0 _aSchool sites : Selection, development, and utilization
245 0 _cU S Department of health, Education, and Welfare
260 _aWashington, USA
_bU.S. Government Printing Office
_c1958
300 _a91p.
942 _cHB
_h371.61, UNI/O
999 _c1346498
_d1346498